Movies with the Wrong Vowels Quiz Stats

 Plays Quiz Updated Jan 29, 2012

Challenge
Share
Tweet
Embed
Score 0/22 Timer 05:00
0 Plays Today
Wrong Vowels Correct Title % Correct
Uh, Gad!Oh, God!
95.3%
Butmen Bogans Batman Begins
89.1%
Dua HerdDie Hard
88%
Tuxe DravarTaxi Driver
87.7%
Down if thy DiedDawn of the Dead
86.7%
BimboBambi
86.6%
Thy Lava BagThe Love Bug
84.1%
RickiRocky
84%
Fill Motel JockitFull Metal Jacket
83.2%
Thy ThongThe Thing
83.2%
Well StraitWall Street
78.7%
Wrong Vowels Correct Title % Correct
Burn FrauBorn Free
76.2%
GlareGlory
70.5%
O, RabitI, Robot
70.5%
Dack SeepDuck Soup
69.6%
SpurticesSpartacus
69.6%
Grin TyroneGran Torino
67.5%
RubyCupRoboCop
60.3%
UncaptainInception
52.9%
Erin MunIron Man
50.8%
Ripe MonRepo Man
49.7%
Rye LubeRio Lobo
15.6%

You're not logged in!

Compare scores with friends on all Sporcle quizzes.
Join for Free
OR
Log In

You Might Also Like...

Show Comments

Extras

Top Quizzes Today


Score Distribution

Your Account Isn't Verified!

In order to create a playlist on Sporcle, you need to verify the email address you used during registration. Go to your Sporcle Settings to finish the process.

Report this User

Report this user for behavior that violates our Community Guidelines.

Details: